• AIU
  • Tony Wilmot Memorial Library

Africans of two worlds : (Record no. 63703)

MARC details
000 -LEADER
fixed length control field 00835cam a2200265 i 4500
001 - CONTROL NUMBER
control field 832973
005 - DATE AND TIME OF LATEST TRANSACTION
control field 20170619150139.0
008 - FIXED-LENGTH DATA ELEMENTS--GENERAL INFORMATION
fixed length control field 770512s1978 ctu 001 0 eng
010 ## - LIBRARY OF CONGRESS CONTROL NUMBER
LC control number 77076305
020 ## - INTERNATIONAL STANDARD BOOK NUMBER
International Standard Book Number 0300021496
040 ## - CATALOGING SOURCE
Original cataloging agency DLC
Transcribing agency DLC
Modifying agency DLC
043 ## - GEOGRAPHIC AREA CODE
Geographic area code f-sj---
050 00 - LIBRARY OF CONGRESS CALL NUMBER
Classification number DT155.2.D56
Item number D46
082 00 - DEWEY DECIMAL CLASSIFICATION NUMBER
Classification number 962.4
100 1# - MAIN ENTRY--PERSONAL NAME
Personal name Deng, Francis Mading,
Dates associated with a name 1938-
245 10 - TITLE STATEMENT
Title Africans of two worlds :
Remainder of title the Dinka in Afro-Arab Sudan /
Statement of responsibility, etc Francis Mading Deng.
260 ## - PUBLICATION, DISTRIBUTION, ETC. (IMPRINT)
Place of publication, distribution, etc New Haven, Conn. :
Name of publisher, distributor, etc Yale University Press,
Date of publication, distribution, etc 1978.
300 ## - PHYSICAL DESCRIPTION
Extent xx, 244 p. ;
Dimensions 22 cm.
500 ## - GENERAL NOTE
General note Includes index.
650 #0 - SUBJECT ADDED ENTRY--TOPICAL TERM
Topical term or geographic name as entry element Dinka (African people)
General subdivision History.
651 #0 - SUBJECT ADDED ENTRY--GEOGRAPHIC NAME
Geographic name Sudan
General subdivision Politics and government.
651 #0 - SUBJECT ADDED ENTRY--GEOGRAPHIC NAME
Geographic name Dinka (African people)
General subdivision Politics and government.
906 ## - LOCAL DATA ELEMENT F, LDF (RLIN)
a 7
b cbc
c orignew
d 1
e opcn
f 19
g y-gencatlg
942 ## - ADDED ENTRY ELEMENTS (KOHA)
Source of classification or shelving scheme
Holdings
Withdrawn status Lost status Source of classification or shelving scheme Damaged status Not for loan Collection code Home library Current library Shelving location Date acquired Source of acquisition Cost, normal purchase price Total Checkouts Full call number Barcode Date last seen Copy number Price effective from Koha item type
    Library of Congress Classification     Special Collection AIU/NEGST - Tony Wilmot Memorial Library AIU/NEGST - Tony Wilmot Memorial Library Special Collection 06/21/2016 Donation- SIL Sudan 40.00   S DT 155.2.D56D46 1978 T00009W3232 09/26/2019 1 07/30/2018 Special Collection
    Library of Congress Classification     Special Collection AIU/NEGST - Tony Wilmot Memorial Library AIU/NEGST - Tony Wilmot Memorial Library Special Collection 06/21/2016 Donation- SIL Sudan 40.00   S DT 155.2.D56D46 1978 T00021W3232 09/26/2019 2 07/30/2018 Special Collection